Sports Quiz

Random Sports or Soccer Quiz

Middlesbrough top scorers since relegation Quiz Stats

 Plays Quiz not verified by Sporcle

Challenge
Share
Tweet
Embed
Score 0/28 Timer 15:00
0 Plays Today
Goals % Correct
25Grant Leadbitter
90.9%
17Patrick Bamford
90.3%
37Scott McDonald
85.6%
23Albert Adomah
85%
11Daniel Ayala
80.8%
11Mustapha Carayol
79.6%
7Jelle Vossen
75.4%
23Marvin Emnes
72.8%
17Barry Robson
72.8%
6Jordan Rhodes
72.3%
12Adam Johnson
71.7%
11Lee Tomlin
71.7%
13Kike
71.5%
8David Nugent
70.1%
Goals % Correct
6Kris Boyd
64.4%
6Christhian Stuani
58.6%
6Adam Reach
58.1%
20Leroy Lita
57.3%
7Gaston Ramirez
54.5%
5Rhys Williams
52.6%
12Lukas Jutkiewicz
51.3%
8Emmanuel Ledesma
49.6%
5Ishmael Miller
44%
6Danny Graham
40.7%
6Curtis Main
38.1%
5Gary O'Neil
37.5%
5Faris Haroun
31.9%
5Matthew Bates
28.3%

You're not logged in!

Compare scores with friends on all Sporcle quizzes.
Join for Free
OR
Log In

You Might Also Like...

Show Comments

Extras

Top Quizzes Today


Score Distribution

Your Account Isn't Verified!

In order to create a playlist on Sporcle, you need to verify the email address you used during registration. Go to your Sporcle Settings to finish the process.

Report this User

Report this user for behavior that violates our Community Guidelines.

Details: